Contribución al estudio de los minerales de wolframio de Galicia (Record no. 118620)

MARC details
000 -LEADER
campo de control de longitud fija 00736nam a2200193 4500
001 - NÚMERO DE CONTROL
campo de control 118620
003 - IDENTIFICADOR DE NÚMERO DE CONTROL
campo de control ES-MaACL
005 - FECHA Y HORA DE LA ÚLTIMA TRANSACCIÓN
campo de control 20230906191134.0
007 - CAMPO FIJO DE DESCRIPCIÓN FÍSICA--INFORMACIÓN GENERAL
campo de control de longitud fija t|
008 - DATOS DE LONGITUD FIJA--INFORMACIÓN GENERAL
campo de control de longitud fija 070214s1929 sp r ||||1| spa d
100 1# - ENTRADA PRINCIPAL--NOMBRE DE PERSONA
Nombre de persona Parga Pondal, Isidro.
9 (RLIN) 89116
245 10 - MENCIÓN DEL TÍTULO
Título Contribución al estudio de los minerales de wolframio de Galicia
Resto del título : Análisis de las wolframitas de La Brea, Corpiño y Carboeiro (Lalín, Pontevedra).
Número de parte o sección de la obra , . I /
Mención de responsabilidad, etc. por I. Parga Pondal y J. Vázquez-Garriga.
260 ## - PUBLICACIÓN, DISTRIBUCIÓN, ETC.
Lugar de publicación, distribución, etc. A Coruña :
Nombre del editor, distribuidor, etc. Nós,
Fecha de publicación, distribución, etc. 1929.
300 ## - DESCRIPCIÓN FÍSICA
Extensión 5 p. ;
Dimensiones 25 cm.
500 ## - NOTA GENERAL
Nota general Separata de: Arquivos do Seminario d'Estudos Galegos, III (1929)
700 1# - ENTRADA AGREGADA--NOMBRE PERSONAL
Nombre de persona Vázquez Garriga, J.
9 (RLIN) 113446
852 ## - LOCALIZACIÓN
Ubicación ES-MaACL
Número de control de estantería 1732-F-13
852 ## - LOCALIZACIÓN
Ubicación ES-MaACL
Número de control de estantería 1742-F-17
Holdings
Estatus retirado Estado de pérdida Estado de daño No para préstamo Colección Biblioteca de origen Biblioteca actual Ubicación en estantería Fecha de adquisición Fuente de adquisición Total de préstamos Signatura topográfica completa Código de barras Visto por última vez Precio de reemplazo Tipo de ítem Koha
        Colección de folletos Biblioteca del Ateneo de Madrid Biblioteca del Ateneo de Madrid Depósito folletos 17/01/2008     1742-F-17 1123658 23/02/2023 23/02/2023 Folleto
        Colección de folletos Biblioteca del Ateneo de Madrid Biblioteca del Ateneo de Madrid Depósito folletos 17/01/2008     1732-F-13 1123657 23/02/2023 23/02/2023 Folleto